তফসীরে মা'আরেফুল-কোরআন / (Record no. 47407)
[ view plain ]
| 000 -LEADER | |
|---|---|
| fixed length control field | 03013nam a2200361 a 4500 |
| 001 - CONTROL NUMBER | |
| control field | 47407 |
| 003 - CONTROL NUMBER IDENTIFIER | |
| rucl marc code | BD-RjUL |
| 005 - DATE AND TIME OF LATEST TRANSACTION | |
| control field | 20211209054316.0 |
| 008 - FIXED-LENGTH DATA ELEMENTS--GENERAL INFORMATION | |
| fixed length control field | 160808s1992 bg ||||| |||| 00| 0 ben d |
| 020 ## - INTERNATIONAL STANDARD BOOK NUMBER | |
| International Standard Book Number | 9840601202 (V-4) |
| Terms of availability | : TK 290.00 |
| International Standard Book Number | 9840600818 (V-6) |
| Terms of availability | : Tk. 340.00 |
| International Standard Book Number | 9840601121 (V-7) |
| Terms of availability | : Tk. 330.00 |
| 035 ## - SYSTEM CONTROL NUMBER | |
| System control number | (BD-RjUL)47526 |
| 040 ## - CATALOGING SOURCE | |
| Original cataloging agency | BD-RjUL |
| Language of cataloging | ben |
| Transcribing agency | BD-RjUL |
| 041 ## - LANGUAGE CODE | |
| Language code of text/sound track or separate title | ben |
| 082 ## - DEWEY DECIMAL CLASSIFICATION NUMBER | |
| Edition number | 23 |
| Classification number | 297.1227 |
| Author mark and year | SHT V-1-8 1992 |
| 100 1# - MAIN ENTRY--PERSONAL NAME | |
| Personal name | শফী, মুফতী মুহাম্মদ |
| 9 (RLIN) | 135826 |
| 245 10 - TITLE STATEMENT | |
| Title | তফসীরে মা'আরেফুল-কোরআন / |
| Statement of responsibility, etc. | মূল: মুফতী মুহাম্মদ শফী ; অনুবাদ: মুহিউদ্দীন খান |
| 250 ## - EDITION STATEMENT | |
| Edition statement | ৩য় সং. |
| 260 ## - PUBLICATION, DISTRIBUTION, ETC. (IMPRINT) | |
| Place of publication, distribution, etc. | ঢাকা : |
| Name of publisher, distributor, etc. | ইসলামিক ফাউন্ডেশন বাংলাদেশ , |
| Date of publication, distribution, etc. | ১৯৯২ |
| 300 ## - PHYSICAL DESCRIPTION | |
| Pagination | খণ্ড ; |
| Size | ২২ সেমি. |
| 490 ## - SERIES STATEMENT | |
| Series statement | ইফাবা প্রকাশনা ; |
| Volume/sequential designation | ৬৮৮/২ (V-4) |
| Series statement | ইফাবা প্রকাশনা ; |
| Volume/sequential designation | ৬৯০/২ (V-6) |
| Series statement | ইফাবা প্রকাশনা ; |
| Volume/sequential designation | ৬৯১/২ (V-7) |
| 505 0# - FORMATTED CONTENTS NOTE | |
| Formatted contents note | খণ্ড ৪ [সুরা আ'রাফের ৯৪ নং আয়াত থেকে শেষ পর্যন্ত এবং সুরা আনফাল, সুরা তওবা, সুরা ইউনুস ও সুরা হুদ} -- খণ্ড ৬ [সুরা মারইয়াম, সুরা তোয়া-হা, সুরা আম্বিয়া, সুরা হজ্জ, সুরা আল মু'মিনুন, সুরা আন-নূর, সুরা আল-ফুরকান, সুরা আশ-শু'আরা, সুরা আন্ নামল্ , সুরা আল-কাসাস, সুরা আল-আনকাবুত ও সুরা রূম পর্যন্ত] -- খণ্ড ৭ [সুরা লোকমান থেকে সূরা সাজদাহ, সূরা আহযাব, সূরা সাবা, সূরা ফাতির, সূরা ইয়া-সীন, সূরা সাফফাত, সূরা ছোয়াদ, সূরা যুমার, সূরা মু'মিন, সূরা হা-মীম-সিজদাহ, সূরা শুরা, সূরা যখরুফ, সূরা দুখান, সূরা জাসিয়া ও সূরা আহকাফ পর্যন্ত] -- |
| 650 ## - SUBJECT ADDED ENTRY--TOPICAL TERM | |
| Topical term or geographic name as entry element | কোরআন |
| General subdivision | ব্যাখা |
| 9 (RLIN) | 235860 |
| Topical term or geographic name as entry element | Qur'an |
| General subdivision | Commentaries |
| 9 (RLIN) | 235861 |
| 700 ## - ADDED ENTRY--PERSONAL NAME | |
| Personal name | খান, মুহিউদ্দীন, অনুবাদক |
| 830 ## - SERIES ADDED ENTRY--UNIFORM TITLE | |
| Uniform title | ইফাবা প্রকাশনা ; |
| Volume number/sequential designation | ৬৮৮/২ (V-4) |
| Uniform title | ইফাবা প্রকাশনা ; |
| Volume number/sequential designation | ৬৯০/২ (V-6) |
| Uniform title | ইফাবা প্রকাশনা ; |
| Volume number/sequential designation | ৬৯১/২ (V-7) |
| 942 ## - ADDED ENTRY ELEMENTS (KOHA) | |
| Source of classification or shelving scheme | Dewey Decimal Classification |
| Koha item type | Books |
| Lost status | Source of classification or shelving scheme | Damaged status | Not for loan | Collection code | Permanent Location | Current Location | Shelving location | Date acquired | Source of acquisition | Cost, normal purchase price | Total Checkouts | Full call number | Date last seen | Copy number | Koha item type |
|---|---|---|---|---|---|---|---|---|---|---|---|---|---|---|---|
| Dewey Decimal Classification | Non-fiction | Central Library, University of Rajshahi | Central Library, University of Rajshahi | 16/04/1994 | Islamic Foundation Bangladesh, Dhaka | 330.00 | B 297.1227 SHT V-7 1992 | 08/08/2016 | C-2 | Books | |||||
| Dewey Decimal Classification | Not For Loan | Non-fiction | Central Library, University of Rajshahi | Central Library, University of Rajshahi | Reading Room | 16/04/1994 | Islamic Foundation Bangladesh, Dhaka | 330.00 | B 297.1227 SHT V-7 1992 | 02/12/2019 | C-1 | Books | |||
| Dewey Decimal Classification | Non-fiction | Central Library, University of Rajshahi | Central Library, University of Rajshahi | 11/03/1995 | Islamic Foundation Bangladesh, Dhaka | 290.00 | B 297.1227 SHT V-4 1992 | 02/12/2019 | C-2 | Books | |||||
| Dewey Decimal Classification | Not For Loan | Non-fiction | Central Library, University of Rajshahi | Central Library, University of Rajshahi | Reading Room | 11/03/1995 | Islamic Foundation Bangladesh, Dhaka | 340.00 | B 297.1227 SHT V-6 1992 | 02/12/2019 | C-1 | Books | |||
| Dewey Decimal Classification | Non-fiction | Central Library, University of Rajshahi | Central Library, University of Rajshahi | 11/03/1995 | Islamic Foundation Bangladesh, Dhaka | 340.00 | B 297.1227 SHT V-6 1992 | 02/12/2019 | C-2 | Books | |||||
| Dewey Decimal Classification | Non-fiction | Central Library, University of Rajshahi | Central Library, University of Rajshahi | General Stacks | 08/03/1994 | Dhaka :Huqe Library | 330.00 | B 297.1227 SHT V-7 1992 | 20/11/2024 | C-1 | Books |